Tuyển tập tác phẩm văn học Nguyễn Đình Thi: Kịch

Saved in:
Bibliographic Details
Main Author: Nguyễn Đình Thi
Format: Book
Language:Undetermined
Published: Hà Nội Văn Học 2001
Subjects:
Tags: Add Tag
No Tags, Be the first to tag this record!
Institutions: Trung tâm Học liệu Trường Đại học Cần Thơ
LEADER 00529nam a2200169Ia 4500
001 CTU_44244
008 210402s9999 xx 000 0 und d
082 |a 895.9222008 
082 |b Th300 
100 |a Nguyễn Đình Thi 
245 0 |a Tuyển tập tác phẩm văn học Nguyễn Đình Thi: Kịch 
245 0 |c Nguyễn Đình Thi 
260 |a Hà Nội 
260 |b Văn Học 
260 |c 2001 
650 |a vietnamese drama - collections 
980 |a Trung tâm Học liệu Trường Đại học Cần Thơ